000 00349pab a2200145 454500
008 180718b1983 xxu||||| |||| 00| 0 eng d
100 _aNevile, J.W.
245 _aThe role of fiscal policy in the eighties
260 _c1983
300 _a1-15
362 _aMar.
650 _aFinance, Public - Policy
773 _aEconomic Record
909 _a8514
999 _c8514
_d8514